000 00729cam a22002533a 4500
001 5629
003 PGUSA
005 20140828083122.0
008 040501s2004||||xxu|||||s|||||000 1 eng d
040 _aPGUSA
_beng
042 _adc
050 4 _aPZ
100 1 _aPenrose, Margaret
245 1 0 _aDorothy Dale :
_bA Girl of To-Day
_h[electronic resource] /
_cMargaret Penrose
260 _bProject Gutenberg,
_c2004
506 _aPublic domain in the USA.
516 _aElectronic text
653 _aYoung women -- Juvenile fiction
653 _aFamily -- Juvenile fiction
740 0 _aDorothy Dale: A Girl of Today
830 0 _aProject Gutenberg
_v5629
856 4 0 _uhttp://www.gutenberg.org/ebooks/5629
942 _cEB
999 _c234957
_d234957